[Event "Nord-West-Cup"]
[Site "?"]
[Date "1999.02.05"]
[Round "3"]
[White "Jugelt, Tobias"]
[Black "GM Epishin, Vladimir"]
[Result "0-1"]
[WhiteElo "2350"]
[BlackElo "2585"]
[PlyCount "138"]
[EventDate "1999.??.??"]

1. d4 Nf6 2. Bg5 e6 3. Nd2 Be7 4. e3 O-O 5. Bd3 d6 6. Ngf3 Nbd7 7. O-O b6 8.
Qe2 h6 9. Bh4 Bb7 10. Ba6 Bxa6 11. Qxa6 c5 12. a4 d5 13. c3 Qc8 14. Qe2 Re8 15.
h3 Qb7 16. Rfe1 Bf8 17. Bg3 a6 18. Ne5 b5 19. axb5 axb5 20. Nxd7 Nxd7 21. e4
cxd4 22. cxd4 Bb4 23. Rxa8 Rxa8 24. Rc1 Nf6 25. exd5 Bxd2 26. Qxd2 Nxd5 27. b4
Qa6 28. Rc5 Qa1+ 29. Kh2 Qb1 30. Rc1 Qxb4 31. Qxb4 Nxb4 32. Rb1 Ra4 33. Bd6 Nd3
34. Rxb5 Rxd4 35. Bc5 Rd5 36. Rb8+ Kh7 37. Ba7 g5 38. g4 h5 39. Be3 h4 40. Re8
Kg7 41. Kg2 Ne1+ 42. Kf1 Nc2 43. Bb6 Rd3 44. Kg2 Rd6 45. Ba5 f6 46. Rc8 Nd4 47.
Rc7+ Kg6 48. Bb4 Rd8 49. Bc5 e5 50. Ra7 Ne6 51. Be3 Nf4+ 52. Kh2 Rc8 53. Rd7
Rc3 54. Rb7 Nd5 55. Ba7 Rf3 56. Kg2 e4 57. Bb8 Rd3 58. Kh2 Rd2 59. Kg1 Nf4 60.
Bxf4 gxf4 61. Rb4 Rd1+ 62. Kh2 Re1 63. f3 e3 64. Rxf4 Rf1 65. Re4 Rxf3 66. Kg2
Rg3+ 67. Kh2 Kg5 68. Ra4 f5 69. Ra5 Kf4 0-1

[Event "Nord-West-Cup"]
[Site "?"]
[Date "1999.02.05"]
[Round "3"]
[White "Kuehne, Klaus-Dieter"]
[Black "IM Ragozin, Evgeni"]
[Result "1/2-1/2"]
[WhiteElo "2103"]
[BlackElo "2480"]
[PlyCount "54"]
[EventDate "1999.??.??"]

1. d4 Nf6 2. c4 g6 3. Nf3 Bg7 4. g3 d5 5. cxd5 Nxd5 6. Bg2 Nb6 7. Nc3 Nc6 8. e3
e5 9. d5 Na5 10. e4 c6 11. O-O O-O 12. Bg5 f6 13. Be3 cxd5 14. exd5 Nbc4 15.
Bc5 Nd6 16. b3 b6 17. Ba3 Nab7 18. Nd2 f5 19. Rc1 e4 20. Qe2 Rf7 21. Kh1 Bd7
22. f3 Rc8 23. Bb2 Bxc3 24. Rxc3 Bb5 25. Nc4 Nc5 26. Qe3 Bxc4 27. bxc4 Na4
1/2-1/2

[Event "Nord-West-Cup"]
[Site "?"]
[Date "1999.02.06"]
[Round "4"]
[White "Warns, Heiko"]
[Black "Schmidt, Harald"]
[Result "0-1"]
[WhiteElo "2036"]
[BlackElo "2210"]
[PlyCount "36"]
[EventDate "1999.??.??"]

1. e4 Nf6 2. e5 Nd5 3. d4 d6 4. Nf3 Bg4 5. Be2 c6 6. O-O Bxf3 7. Bxf3 dxe5 8.
dxe5 e6 9. Qe2 Nd7 10. c4 Ne7 11. b3 Ng6 12. Bb2 Qc7 13. Re1 Bb4 14. Nd2 O-O-O
15. Rad1 Ndxe5 16. Bxe5 Nxe5 17. Be4 Qa5 18. a3 Qxa3 0-1

[Event "Nord-West-Cup"]
[Site "?"]
[Date "1999.02.06"]
[Round "4"]
[White "FM Treppner , Gerd"]
[Black "Josquin, Rene"]
[Result "1-0"]
[WhiteElo "2320"]
[BlackElo "1850"]
[PlyCount "29"]
[EventDate "1999.??.??"]

1. d4 f5 2. Bg5 g6 3. Nc3 d5 4. f3 Bg7 5. Qd2 Nc6 6. e4 Nxd4 7. exd5 h6 8. Be3
e5 9. f4 c5 10. dxc6 bxc6 11. fxe5 Bxe5 12. O-O-O c5 13. Nf3 Bg7 14. Bb5+ Bd7
15. Nxd4 1-0

[Event "Nord-West-Cup"]
[Site "?"]
[Date "1999.02.06"]
[Round "4"]
[White "Zschischang, Marine"]
[Black "Harle, Andre"]
[Result "*"]
[WhiteElo "1943"]
[BlackElo "1715"]
[PlyCount "49"]
[EventDate "1999.??.??"]

1. d4 Nf6 2. c4 g6 3. Nc3 Bg7 4. e4 d6 5. Nf3 O-O 6. h3 e5 7. d5 Nbd7 8. Bd3
Nc5 9. Bc2 a5 10. Be3 Nfd7 11. g4 Rb8 12. Qd2 Na6 13. O-O-O Ndc5 14. Bh6 Bd7
15. Bxg7 Kxg7 16. Nb5 c6 17. Nxd6 Qc7 18. dxc6 Bxc6 19. Nxe5 Rfd8 20. Nexf7
Qxf7 21. Qh6+ Kxh6 22. Nxf7+ Kg7 23. Nxd8 Bxe4 24. Bxe4 Nxe4 25. Rd7+ *

[Event "Nord-West-Cup"]
[Site "?"]
[Date "1999.02.06"]
[Round "4"]
[White "Kerker, Andreas"]
[Black "Jugelt, Tobias"]
[Result "1-0"]
[WhiteElo "2110"]
[BlackElo "2350"]
[PlyCount "59"]
[EventDate "1999.??.??"]

1. e4 Nf6 2. Nc3 d5 3. e5 Ne4 4. Nxe4 dxe4 5. d3 exd3 6. Bxd3 Qd5 7. Qe2 Nd7 8.
Nf3 e6 9. O-O Be7 10. Rd1 Qa5 11. c3 c6 12. Bf4 Qc7 13. a4 Nf8 14. Nd2 Ng6 15.
Bg3 Bd7 16. Nc4 O-O 17. h4 Rfd8 18. h5 Nf8 19. Nd6 c5 20. Qf3 Bxd6 21. exd6 Qb6
22. a5 Qb3 23. Qe2 a6 24. Ra3 Qd5 25. Bxh7+ Nxh7 26. Rxd5 exd5 27. c4 d4 28.
Qe5 Rac8 29. Bh4 f6 30. Qd5+ 1-0

[Event "Nord-West-Cup"]
[Site "?"]
[Date "1999.02.06"]
[Round "4"]
[White "GM Epishin, Vladimir"]
[Black "IM Hermann, Manfred"]
[Result "1-0"]
[WhiteElo "2585"]
[BlackElo "2355"]
[PlyCount "47"]
[EventDate "1999.??.??"]

1. d4 d5 2. c4 Nc6 3. Nf3 Bg4 4. Nc3 Nf6 5. Bf4 Bxf3 6. gxf3 e6 7. e3 dxc4 8.
Bxc4 Bd6 9. Bg3 a6 10. Qe2 e5 11. dxe5 Bxe5 12. Rd1 Bxc3+ 13. bxc3 Qe7 14. e4
Ne5 15. Bb3 Rd8 16. O-O Rxd1 17. Rxd1 g5 18. Kf1 Nh5 19. Qe3 c6 20. f4 gxf4 21.
Bxf4 Nxf4 22. Qxf4 Rg8 23. Qf5 Kf8 24. f4 1-0

[Event "Nord-West-Cup"]
[Site "?"]
[Date "1999.02.06"]
[Round "4"]
[White "Pel, Bonno"]
[Black "Riewe, Gerhard"]
[Result "1-0"]
[WhiteElo "2175"]
[BlackElo "1831"]
[PlyCount "57"]
[EventDate "1999.??.??"]

1. Nc3 d5 2. e4 d4 3. Nce2 c5 4. Ng3 Nc6 5. Bc4 g6 6. f4 Bg7 7. Nf3 e5 8. d3
Nge7 9. f5 gxf5 10. Nh5 O-O 11. O-O f4 12. g3 Bh3 13. Rf2 fxg3 14. hxg3 Bg4 15.
Nxg7 Kxg7 16. Bh6+ Kxh6 17. Qd2+ Kg7 18. Qg5+ Ng6 19. Qxg4 h6 20. Raf1 Qc8 21.
Qh5 f6 22. Rh2 Rh8 23. Nh4 Nce7 24. Rxf6 Kxf6 25. Rf2+ Nf4 26. Qf7+ Kg5 27.
gxf4+ exf4 28. Qxf4+ Kh5 29. Bf7+ 1-0

[Event "Nord-West-Cup"]
[Site "?"]
[Date "1999.02.06"]
[Round "4"]
[White "FM Wesseln, Kai"]
[Black "GM Bischoff, Klaus"]
[Result "0-1"]
[WhiteElo "2345"]
[BlackElo "2550"]
[PlyCount "88"]
[EventDate "1999.??.??"]

1. d4 Nf6 2. Bg5 e6 3. e3 h6 4. Bxf6 Qxf6 5. f4 g5 6. g3 gxf4 7. exf4 c5 8. Nf3
cxd4 9. Qxd4 Qxd4 10. Nxd4 Bg7 11. c3 Nc6 12. Nxc6 bxc6 13. Nd2 d5 14. O-O-O
Ke7 15. Bg2 a5 16. Rhe1 a4 17. a3 Bd7 18. Nf3 Rab8 19. Ne5 Bxe5 20. Rxe5 Kd6
21. Rde1 Rb7 22. Rh5 Be8 23. Rhe5 Re7 24. f5 Bd7 25. f6 Ree8 26. Bf3 Reg8 27.
Bh5 Rg5 28. Rxg5 hxg5 29. Bxf7 Rf8 30. Bh5 Rxf6 31. Bd1 Rh6 32. Rh1 c5 33. h4
e5 34. h5 g4 35. Rh4 e4 36. c4 d4 37. Bxg4 Bxg4 38. Rxg4 e3 39. Rg5 Rf6 40. Kd1
Rf1+ 41. Ke2 Rf2+ 42. Ke1 Ke6 43. Rd5 Rg2 44. h6 Rh2 0-1

[Event "Nord-West-Cup"]
[Site "?"]
[Date "1999.02.06"]
[Round "4"]
[White "FM Hedke, Fred"]
[Black "Kuehne, Klaus-Dieter"]
[Result "1-0"]
[WhiteElo "2350"]
[BlackElo "2103"]
[PlyCount "65"]
[EventDate "1999.??.??"]

1. e4 e5 2. d4 exd4 3. Qxd4 Nc6 4. Qe3 b6 5. Nc3 Bb7 6. Bd2 g6 7. O-O-O Bg7 8.
f4 Nge7 9. a3 O-O 10. Bc4 Na5 11. Ba2 d5 12. exd5 Bxd5 13. Nxd5 Nxd5 14. Qf3
Qf6 15. c3 c6 16. g4 Rad8 17. h4 b5 18. h5 Nb6 19. hxg6 Nbc4 20. Ne2 Rxd2 21.
Rxd2 Nxd2 22. Bxf7+ Rxf7 23. gxf7+ Qxf7 24. Kxd2 Qb3 25. Qe4 Qxb2+ 26. Ke3 h6
27. Rd1 Qxa3 28. Rd8+ Bf8 29. Qg6+ Kh8 30. Qxh6+ Kg8 31. Qg6+ Kh8 32. Qf6+ Kg8
33. Rd7 1-0

[Event "Nord-West-Cup"]
[Site "?"]
[Date "1999.02.06"]
[Round "4"]
[White "IM Bagaturov, Giorgi"]
[Black "FM Jonkman, Harmen"]
[Result "1-0"]
[WhiteElo "2540"]
[BlackElo "2310"]
[PlyCount "67"]
[EventDate "1999.??.??"]

1. d4 d5 2. c4 dxc4 3. e3 e6 4. Bxc4 a6 5. Nf3 c5 6. O-O Nf6 7. a4 Nc6 8. Qe2
Be7 9. Rd1 Qc7 10. Nc3 O-O 11. h3 b6 12. d5 exd5 13. Bxd5 Bb7 14. e4 Rae8 15.
Be3 Bd6 16. Qd2 Be5 17. Nxe5 Nxe5 18. Bg5 Nxd5 19. Nxd5 Bxd5 20. Qxd5 Nc6 21.
Rac1 h6 22. Bh4 Nb4 23. Qc4 Qc6 24. f3 Qxa4 25. Rd6 Rb8 26. e5 Qa2 27. Qg4 Qxb2
28. Re1 h5 29. Qxh5 Rbe8 30. Bf6 Rd8 31. Rxd8 gxf6 32. Re4 Qc1+ 33. Kh2 f5 34.
Rh4 1-0

[Event "Nord-West-Cup"]
[Site "?"]
[Date "1999.02.06"]
[Round "4"]
[White "IM Vasiljevic, Dragan"]
[Black "GM Fish, Gennadiy"]
[Result "0-1"]
[WhiteElo "2355"]
[BlackElo "2480"]
[PlyCount "74"]
[EventDate "1999.??.??"]

1. d4 Nf6 2. Nf3 e6 3. e3 c5 4. Bd3 b6 5. O-O Bb7 6. Nbd2 Be7 7. b3 d6 8. Bb2
Nbd7 9. dxc5 Nxc5 10. Bb5+ Ncd7 11. Nc4 Qc7 12. Ba3 Ne4 13. Bb2 O-O 14. Bxd7
Qxd7 15. Ncd2 Nf6 16. Qe2 b5 17. a3 Rfc8 18. Rac1 Rc7 19. Nd4 a6 20. e4 Rac8
21. c3 Bf8 22. Rcd1 e5 23. N4f3 h6 24. c4 bxc4 25. Nxc4 Qb5 26. Nfd2 Bxe4 27.
Nxe4 Nxe4 28. Qxe4 Qxb3 29. Nxd6 Bxd6 30. Rxd6 Qxb2 31. Rxa6 Rc4 32. Qd5 Qd4
33. Qf3 Rc3 34. Qb7 Rc1 35. g3 Qd3 36. Rxc1 Rxc1+ 37. Kg2 Qf1+ 0-1

[Event "Nord-West-Cup"]
[Site "?"]
[Date "1999.02.06"]
[Round "4"]
[White "Tschetchelnizki, Boris"]
[Black "GM Lanka, Zigurds"]
[Result "0-1"]
[WhiteElo "2253"]
[BlackElo "2515"]
[PlyCount "122"]
[EventDate "1999.??.??"]

1. Nf3 Nf6 2. d4 g6 3. Bg5 Bg7 4. Nbd2 c5 5. e3 cxd4 6. exd4 O-O 7. Bd3 d6 8.
O-O Nc6 9. c3 Qc7 10. Re1 e5 11. Ne4 Nxe4 12. Bxe4 h6 13. Be3 f5 14. Bd5+ Kh7
15. dxe5 dxe5 16. Qa4 Ne7 17. Bb3 f4 18. Bd2 Bf5 19. Rad1 a6 20. Qc4 Nc6 21.
Bc1 Bf6 22. Nd2 b5 23. Qe2 Rad8 24. Ne4 Bg7 25. f3 Na5 26. Bc2 Nc4 27. Rxd8
Rxd8 28. Nf2 Nd6 29. Rd1 Bf6 30. Bxf5 gxf5 31. Nd3 Nc4 32. Nf2 Rxd1+ 33. Qxd1
Bh4 34. Nd3 Qa7+ 35. Kh1 Qe7 36. Qe2 Bf6 37. Nf2 Qc5 38. Nd3 Qd6 39. g3 fxg3
40. hxg3 e4 41. fxe4 Qxg3 42. Bf4 Qh3+ 43. Bh2 Bg5 44. Nf2 Qe3 45. Qxe3 Bxe3
46. Nd1 f4 47. Kg2 Bc1 48. b3 Ne5 49. Bg1 Kg6 50. Bd4 Nf7 51. Nf2 Ng5 52. c4
bxc4 53. bxc4 Bd2 54. Be5 f3+ 55. Kf1 Be3 56. Ng4 Bc5 57. Bf4 Nxe4 58. Ne5+ Kf5
59. Nd3 h5 60. Nxc5 Kxf4 61. Nd3+ Ke3 0-1

[Event "Nord-West-Cup"]
[Site "?"]
[Date "1999.02.06"]
[Round "4"]
[White "IM Ragozin, Evgeni"]
[Black "Schmenger, Felix"]
[Result "1-0"]
[WhiteElo "2480"]
[BlackElo "2260"]
[PlyCount "59"]
[EventDate "1999.??.??"]

1. c4 Nf6 2. Nc3 d5 3. d4 g6 4. Bf4 Bg7 5. Rc1 Nh5 6. Be3 dxc4 7. Qa4+ Nc6 8.
Rd1 O-O 9. Qxc4 e5 10. Nf3 exd4 11. Nxd4 Nxd4 12. Bxd4 Be6 13. Qa4 Bxd4 14.
Rxd4 Qe8 15. Qd1 c5 16. Rd2 Rd8 17. e3 Rxd2 18. Qxd2 Qc6 19. f3 a6 20. Be2 Qb6
21. O-O Rd8 22. Qc1 c4 23. Kh1 Nf6 24. e4 Qc5 25. f4 b5 26. f5 Bc8 27. fxg6 Qe5
28. gxf7+ Kxf7 29. Qh6 Rg8 30. Nd5 1-0

[Event "Nord-West-Cup"]
[Site "?"]
[Date "1999.02.06"]
[Round "4"]
[White "Krause, Thomas"]
[Black "WGM Lomineishvili, Maja"]
[Result "1/2-1/2"]
[WhiteElo "2130"]
[BlackElo "2350"]
[PlyCount "62"]
[EventDate "1999.??.??"]

1. Nf3 Nf6 2. c4 g6 3. g3 Bg7 4. Bg2 O-O 5. O-O d6 6. Nc3 Nc6 7. Rb1 a5 8. a3
e5 9. d3 h6 10. b4 axb4 11. axb4 Be6 12. b5 Ne7 13. Bb2 Nd7 14. Ne1 c6 15. Nc2
f5 16. Nb4 Qc7 17. Ra1 Kh7 18. Qc2 Nc5 19. Rfe1 f4 20. Rxa8 Rxa8 21. gxf4 exf4
22. bxc6 bxc6 23. Nb5 Qd7 24. Bxg7 Kxg7 25. Qc3+ Kg8 26. Nd4 Bh3 27. Bf3 Rc8
28. Ra1 Bg4 29. Bg2 Bh3 30. Bf3 Bg4 31. Bg2 Bh3 1/2-1/2

[Event "Nord-West-Cup"]
[Site "?"]
[Date "1999.02.06"]
[Round "5"]
[White "IM Hermann, Manfred"]
[Black "Leiber, Bernhard"]
[Result "1-0"]
[WhiteElo "2355"]
[BlackElo "2225"]
[PlyCount "63"]
[EventDate "1999.??.??"]

1. e4 c5 2. c3 d5 3. exd5 Qxd5 4. d4 Nf6 5. Nf3 Bg4 6. Be2 e6 7. h3 Bh5 8. O-O
cxd4 9. Nxd4 Bxe2 10. Qxe2 Bc5 11. Rd1 Nbd7 12. b4 Bxd4 13. Rxd4 Qe5 14. Qd1
Qc7 15. Bb2 e5 16. Rd3 Nb6 17. Na3 O-O 18. c4 Rfe8 19. c5 Nbd7 20. Nb5 Qc6 21.
Nd6 Re6 22. Rc1 Nf8 23. b5 Qc7 24. c6 bxc6 25. Rxc6 Qa5 26. Ra6 Qc7 27. b6 Qd7
28. b7 Rd8 29. Rxa7 Rb8 30. Ra8 Qc7 31. Rxb8 Qxb8 32. Ba3 1-0

[Event "Nord-West-Cup"]
[Site "?"]
[Date "1999.02.06"]
[Round "5"]
[White "GM Bischoff, Klaus"]
[Black "IM Ragozin, Evgeni"]
[Result "1-0"]
[WhiteElo "2550"]
[BlackElo "2480"]
[PlyCount "43"]
[EventDate "1999.??.??"]

1. c4 f5 2. b3 e5 3. Bb2 Nc6 4. g3 d5 5. cxd5 Qxd5 6. Nf3 e4 7. Nh4 e3 8. Bg2
exf2+ 9. Kxf2 Qc5+ 10. e3 Nh6 11. Qh5+ Kd8 12. Rc1 Qd6 13. Bxc6 bxc6 14. Kg1
Bd7 15. Na3 Qe6 16. Nc4 Nf7 17. Nf3 Qd5 18. Rf1 c5 19. e4 Qxe4 20. Qxf7 Be8 21.
d3 Qxf3 22. Qxe8+ 1-0

[Event "Nord-West-Cup"]
[Site "?"]
[Date "1999.02.06"]
[Round "5"]
[White "GM Lanka, Zigurds"]
[Black "FM Hedke, Fred"]
[Result "1-0"]
[WhiteElo "2515"]
[BlackElo "2350"]
[PlyCount "61"]
[EventDate "1999.??.??"]

1. e4 e5 2. Nf3 Nc6 3. Bb5 d6 4. d4 Bd7 5. O-O exd4 6. Bxc6 bxc6 7. Nxd4 Nf6 8.
Qf3 Be7 9. e5 dxe5 10. Nxc6 Bxc6 11. Qxc6+ Nd7 12. Rd1 Bd6 13. Nd2 O-O 14. Nc4
Nb6 15. Nxd6 cxd6 16. Rxd6 Qe7 17. Rd1 f5 18. Qf3 Kh8 19. b3 Rab8 20. c4 h6 21.
Qe2 Nd7 22. Bb2 e4 23. f3 Nf6 24. Qe3 Rbd8 25. h3 Kh7 26. Bxf6 Rxd1+ 27. Rxd1
Rxf6 28. fxe4 Re6 29. Qf2 fxe4 30. Qf5+ Kg8 31. Rd8+ 1-0

[Event "Nord-West-Cup"]
[Site "?"]
[Date "1999.02.06"]
[Round "5"]
[White "Paust, Wolf-Dieter"]
[Black "FM Wesseln, Kai"]
[Result "0-1"]
[WhiteElo "2120"]
[BlackElo "2345"]
[PlyCount "79"]
[EventDate "1999.??.??"]

1. e4 c5 2. Nc3 Nc6 3. Bc4 g6 4. d3 Bg7 5. Nf3 d6 6. O-O Nf6 7. Bf4 O-O 8. Re1
e5 9. Bg5 h6 10. Bxf6 Bxf6 11. Nd2 Bg7 12. Nf1 Kh7 13. Ne3 Rb8 14. a4 Nd4 15.
Ncd5 b6 16. c3 Ne6 17. g3 a6 18. f4 exf4 19. gxf4 b5 20. axb5 axb5 21. Bb3 b4
22. Rf1 f5 23. exf5 gxf5 24. Bc2 bxc3 25. bxc3 Nc7 26. Ra7 Nxd5 27. Nxd5 Rb7
28. Ra8 Rg8 29. Kh1 Qh4 30. d4 Rb2 31. Rxc8 Rxc8 32. Qd3 Rf8 33. Ne3 Qh3 34.
Nxf5 Qxd3 35. Bxd3 Rd2 36. Be4 Kh8 37. dxc5 dxc5 38. Rg1 Re8 39. Bc6 Ree2 40.
Rxg7 {ZUe} 0-1

[Event "Nord-West-Cup"]
[Site "?"]
[Date "1999.02.06"]
[Round "5"]
[White "Schmidt, Harald"]
[Black "IM Vasiljevic, Dragan"]
[Result "0-1"]
[WhiteElo "2210"]
[BlackElo "2355"]
[PlyCount "47"]
[EventDate "1999.??.??"]

1. d4 Nf6 2. Nf3 c5 3. e3 g6 4. c3 Qc7 5. Bd3 d5 6. O-O Bg7 7. Nbd2 O-O 8. Qe2
Nbd7 9. e4 cxd4 10. cxd4 Nb8 11. h3 Nc6 12. e5 Nh5 13. Qe3 f5 14. exf6 Rxf6 15.
Ne5 Nf4 16. Nxc6 bxc6 17. Nb3 Bh6 18. Qg3 e5 19. dxe5 Qxe5 20. Rd1 Qh5 21. Be3
Nxh3+ 22. gxh3 Rf3 23. Qh2 Bxe3 24. fxe3 0-1

[Event "Nord-West-Cup"]
[Site "?"]
[Date "1999.02.06"]
[Round "5"]
[White "FM Jonkman, Harmen"]
[Black "Kerker, Andreas"]
[Result "1-0"]
[WhiteElo "2310"]
[BlackElo "2110"]
[PlyCount "81"]
[EventDate "1999.??.??"]

1. e4 c5 2. c3 Nf6 3. e5 Nd5 4. Nf3 d6 5. Bc4 e6 6. d4 cxd4 7. cxd4 Nc6 8. O-O
Be7 9. Qe2 O-O 10. Qe4 Ndb4 11. exd6 Qxd6 12. Nc3 a6 13. Bf4 Qd7 14. a3 f5 15.
Qe2 Nd5 16. Bxd5 exd5 17. Rad1 Qe6 18. Qc2 Bf6 19. Qb3 Rd8 20. Rfe1 Qf7 21. Bg5
Be6 22. Bxf6 gxf6 23. Ne2 Qd7 24. Nf4 Bf7 25. Qb6 Re8 26. Rxe8+ Rxe8 27. g3 Re4
28. Rd3 Kg7 29. Rb3 Re7 30. Qc5 Re4 31. Qb6 Re7 32. Rc3 Re4 33. b4 Qe7 34. a4
Rxd4 35. Nxd4 Qe1+ 36. Kg2 Qxc3 37. Nxf5+ Kh8 38. Qc7 Qe5 39. Qxf7 Qe4+ 40. f3
Qc2+ 41. Kg1 1-0

[Event "Nord-West-Cup"]
[Site "?"]
[Date "1999.02.06"]
[Round "5"]
[White "Lamprecht, Mark"]
[Black "Michaelis, Nico"]
[Result "0-1"]
[WhiteElo "2150"]
[BlackElo "2145"]
[PlyCount "70"]
[EventDate "1999.??.??"]

1. c4 Nf6 2. Nc3 e6 3. Nf3 d5 4. e3 Be7 5. d4 O-O 6. Qc2 b6 7. e4 Nxe4 8. Nxe4
dxe4 9. Qxe4 Bb4+ 10. Bd2 Bxd2+ 11. Nxd2 c6 12. Bd3 f5 13. Qe3 c5 14. Qf3 Qc7
15. Qxa8 Bb7 16. Qxa7 Na6 17. d5 Ra8 18. Qxa8+ Bxa8 19. O-O-O Nb4 20. Bb1 exd5
21. a3 dxc4 22. axb4 cxb4 23. Rhe1 Bd5 24. Re8+ Kf7 25. Rde1 Qc5 26. R8e5 g6
27. Nf3 c3 28. b3 Qxf2 29. R5e2 Qc5 30. Re5 Qa5 31. Rxd5 Qxd5 32. Bc2 Qc5 33.
Kd1 Kf6 34. h4 h6 35. Nd4 Qd5 0-1

[Event "Nord-West-Cup"]
[Site "?"]
[Date "1999.02.06"]
[Round "5"]
[White "Kuehne, Klaus-Dieter"]
[Black "Schenk, Uwe"]
[Result "1-0"]
[WhiteElo "2103"]
[BlackElo "2210"]
[PlyCount "77"]
[EventDate "1999.??.??"]

1. d4 Nf6 2. c4 g6 3. g3 Bg7 4. Bg2 O-O 5. Nf3 d6 6. Nc3 Nbd7 7. O-O e5 8. e4
c6 9. h3 Qb6 10. c5 dxc5 11. dxe5 Ne8 12. Bg5 Qxb2 13. Na4 Qa3 14. Be7 Nc7 15.
Bxf8 Bxf8 16. Qc2 Ne6 17. Rad1 b5 18. Nc3 b4 19. Nd5 cxd5 20. exd5 Ng7 21. Rfe1
Nb6 22. Ng5 Bf5 23. Qe2 Re8 24. g4 Bc8 25. Ne4 Nd7 26. f4 h5 27. Ng5 hxg4 28.
hxg4 Qg3 29. Nxf7 Kxf7 30. Rd3 Qh4 31. Rh3 Qe7 32. Qd3 c4 33. e6+ Nxe6 34. Rh7+
Bg7 35. dxe6+ Kg8 36. Qxg6 Rf8 37. exd7 Qxe1+ 38. Kh2 Qe7 39. Bd5+ 1-0

[Event "Nord-West-Cup"]
[Site "?"]
[Date "1999.02.06"]
[Round "5"]
[White "Kuenzler, Thomas"]
[Black "FM Treppner, Gerd"]
[Result "1/2-1/2"]
[WhiteElo "1994"]
[BlackElo "2320"]
[PlyCount "76"]
[EventDate "1999.??.??"]

1. e4 c5 2. Nf3 g6 3. d4 Bg7 4. c3 cxd4 5. cxd4 d5 6. e5 Bg4 7. Nbd2 Nc6 8. Be2
Nh6 9. h3 Bf5 10. Nf1 O-O 11. Ng3 Be4 12. a3 Qb6 13. O-O e6 14. Kh1 Bxf3 15.
Bxf3 Qxd4 16. Qxd4 Nxd4 17. Bd1 Nhf5 18. Nxf5 Nxf5 19. Re1 Rfc8 20. Bd2 Bh6 21.
f4 Rc4 22. g4 Nd4 23. Rg1 Nc2 24. Rb1 Rac8 25. g5 Bf8 26. Be2 R4c7 27. Bd3 a6
28. Kg2 Nd4 29. Rgc1 Rxc1 30. Rxc1 Rxc1 31. Bxc1 Nb3 32. Be3 Bc5 33. Kf3 Kf8
34. Bc2 Bxe3 35. Kxe3 Nc5 36. Kd4 Nd7 37. b4 Ke7 38. b5 a5 1/2-1/2

[Event "Nord-West-Cup"]
[Site "?"]
[Date "1999.02.06"]
[Round "5"]
[White "Elbern, Thomas"]
[Black "Hundack, Rolf"]
[Result "1-0"]
[WhiteElo "1946"]
[BlackElo "2255"]
[PlyCount "97"]
[EventDate "1999.??.??"]

1. Nf3 Nf6 2. Nc3 g6 3. e4 d6 4. d4 Bg7 5. Bc4 O-O 6. Bb3 Na6 7. h3 c5 8. O-O
cxd4 9. Nxd4 Nc5 10. Re1 Nxb3 11. axb3 h6 12. Be3 Nd7 13. Qd2 Kh7 14. Nd5 Nc5
15. f3 Bd7 16. Ra2 Bc6 17. Rea1 Bxd5 18. exd5 a6 19. b4 Nd7 20. b5 Nb6 21. Bf2
axb5 22. Rxa8 Nxa8 23. Nxb5 Qd7 24. Qb4 Nc7 25. Nxc7 Qxc7 26. c3 Qd7 27. Ra5
Qf5 28. Qe4 Qd7 29. Qb4 Be5 30. f4 Bf6 31. Bd4 Bh4 32. Bf2 Bxf2+ 33. Kxf2 Qf5
34. Kg1 Rb8 35. Kh2 h5 36. Qd4 Qd7 37. Qe4 b6 38. Ra1 Kg8 39. Re1 Re8 40. Re3
Kg7 41. Qd4+ Kg8 42. Qxb6 Qa4 43. b4 Qa1 44. Rxe7 Ra8 45. Qxd6 Qf1 46. Qf6 Rf8
47. d6 Qf2 48. Qg5 h4 49. d7 1-0

[Event "Nord-West-Cup"]
[Site "?"]
[Date "1999.02.07"]
[Round "6"]
[White "Broehl, Stefan"]
[Black "WGM Lomineishvili, Maja"]
[Result "0-1"]
[WhiteElo "2195"]
[BlackElo "2350"]
[PlyCount "52"]
[EventDate "1999.??.??"]

1. e4 c5 2. Nf3 Nc6 3. c3 Nf6 4. e5 Nd5 5. Bc4 Nb6 6. Bb3 c4 7. Bc2 d5 8. exd6
Qxd6 9. O-O Bg4 10. d4 cxd3 11. Qxd3 Qxd3 12. Bxd3 Bxf3 13. gxf3 e6 14. Be3 Nd5
15. Be4 Nxe3 16. Bxc6+ bxc6 17. fxe3 O-O-O 18. b4 Be7 19. a3 Rd3 20. Kf2 Bf6
21. Ke2 Rhd8 22. Rc1 e5 23. Rc2 Bg5 24. Nd2 Rxe3+ 25. Kf2 Rdd3 26. Rac1 e4 0-1

[Event "Nord-West-Cup"]
[Site "?"]
[Date "1999.02.07"]
[Round "6"]
[White "Warns, Heiko"]
[Black "Jugelt, Tobias"]
[Result "0-1"]
[WhiteElo "2036"]
[BlackElo "2350"]
[PlyCount "72"]
[EventDate "1999.??.??"]

1. e4 Nf6 2. e5 Nd5 3. Nc3 Nxc3 4. dxc3 e6 5. Bd3 d6 6. f4 Nc6 7. Nf3 g6 8. Qe2
Bg7 9. Bd2 Qe7 10. O-O-O Bd7 11. g4 O-O-O 12. g5 dxe5 13. fxe5 Qe8 14. Be1 Ne7
15. Bf2 Kb8 16. Be4 Bc6 17. Qe3 Rxd1+ 18. Rxd1 b6 19. Nd4 Bxe4 20. Qxe4 c5 21.
Nb3 Qc6 22. Qf4 Nf5 23. Kb1 Kc7 24. a3 Rd8 25. Rd3 Rxd3 26. cxd3 Qd5 27. Qa4
Qxd3+ 28. Ka2 a6 29. Qe8 Qd7 30. Qa8 Qc8 31. Qe4 Qb7 32. Qe2 a5 33. c4 Qg2 34.
h4 Nxh4 35. Qd2 Nf5 36. Nxc5 Qc6 0-1

[Event "Nord-West-Cup"]
[Site "?"]
[Date "1999.02.07"]
[Round "6"]
[White "Sadeghi, Behrang"]
[Black "Heinemann, Ernst"]
[Result "1-0"]
[WhiteElo "2275"]
[BlackElo "2228"]
[PlyCount "56"]
[EventDate "1999.??.??"]

1. e4 c6 2. d4 d5 3. f3 g6 4. Nc3 Bg7 5. Be3 h5 6. Qd2 Nh6 7. h3 Be6 8. Nge2 f6
9. O-O-O Bf7 10. Kb1 a5 11. g4 h4 12. g5 Ng8 13. Rg1 e6 14. gxf6 Bxf6 15. Nf4
Qd7 16. Nxg6 Bxg6 17. Rxg6 Qf7 18. Rg4 Nd7 19. Bd3 O-O-O 20. exd5 cxd5 21. Nb5
Nb8 22. Qxa5 Nh6 23. Na7+ Kd7 24. Bb5+ Nc6 25. Nxc6 bxc6 26. Qa7+ Ke8 27. Bxc6+
Kf8 28. Bxh6+ Rxh6 1-0

[Event "Nord-West-Cup"]
[Site "?"]
[Date "1999.02.07"]
[Round "6"]
[White "FM Hedke, Fred"]
[Black "Zschischang, Gunnar"]
[Result "1-0"]
[WhiteElo "2350"]
[BlackElo "1958"]
[PlyCount "65"]
[EventDate "1999.??.??"]

1. e4 c5 2. d4 cxd4 3. c3 Nf6 4. e5 Nd5 5. Bc4 Qc7 6. Qe2 Nb6 7. Bd3 Nc6 8. Nf3
Nb4 9. Be4 d3 10. Bxd3 Nxd3+ 11. Qxd3 Qc4 12. Qxc4 Nxc4 13. b3 Nb6 14. c4 e6
15. Be3 Bb4+ 16. Ke2 d5 17. exd6 Nd7 18. Rd1 b6 19. a3 Bc5 20. Nc3 Ba6 21. Bc1
Rc8 22. Nb5 Bxb5 23. cxb5 a5 24. bxa6 b5 25. Be3 Ra8 26. Bxc5 Nxc5 27. Nd4 Kd7
28. Nxb5 Nxb3 29. Rab1 Na5 30. Rbc1 Nc6 31. a7 Rac8 32. f4 Nxa7 33. Rc7+ 1-0

[Event "Nord-West-Cup"]
[Site "?"]
[Date "1999.02.07"]
[Round "6"]
[White "FM Wesseln, Kai"]
[Black "Petrosjan, Suren"]
[Result "1/2-1/2"]
[WhiteElo "2345"]
[BlackElo "2375"]
[PlyCount "56"]
[EventDate "1999.??.??"]

1. d4 Nf6 2. Bg5 e6 3. e3 h6 4. Bh4 b6 5. Nd2 Bb7 6. Ngf3 Be7 7. Bd3 d6 8. c3
Nbd7 9. Qe2 a6 10. e4 Nh5 11. Bxe7 Qxe7 12. g3 Nhf6 13. a4 e5 14. d5 Nc5 15. a5
b5 16. Bc2 c6 17. b4 Ncd7 18. dxc6 Bxc6 19. O-O O-O 20. Bb3 d5 21. exd5 Bxd5
22. Rfe1 Rfe8 23. Bxd5 Nxd5 24. Qd3 N5f6 25. Ne4 Nxe4 26. Qxe4 Rac8 27. Rad1
Rxc3 28. Qb7 Nf8 1/2-1/2

[Event "Nord-West-Cup"]
[Site "?"]
[Date "1999.02.07"]
[Round "6"]
[White "IM Ragozin, Evgeni"]
[Black "FM Eilers, Stefan"]
[Result "0-1"]
[WhiteElo "2480"]
[BlackElo "2320"]
[PlyCount "78"]
[EventDate "1999.??.??"]

1. c4 c6 2. d4 d5 3. Nf3 Nf6 4. Nc3 dxc4 5. a4 Bf5 6. e3 e6 7. Bxc4 Bb4 8. O-O
O-O 9. Qe2 Bg6 10. Ne5 Nbd7 11. Nxg6 hxg6 12. Rd1 Qa5 13. Qc2 Rac8 14. Na2 Bd6
15. Be2 c5 16. dxc5 Bxc5 17. Bd2 Qc7 18. b4 Qxh2+ 19. Kxh2 Bd6+ 20. Kg1 Rxc2
21. Bd3 Rc7 22. Rac1 Rfc8 23. a5 Ne5 24. Bf1 Rxc1 25. Rxc1 Rxc1 26. Bxc1 Ne4
27. a6 bxa6 28. Bxa6 Kf8 29. Bb2 Nf6 30. Nc1 Nd5 31. b5 Nc7 32. f4 Nd7 33. Nd3
Nxa6 34. bxa6 Nb8 35. e4 Nxa6 36. Bd4 Bb8 37. Ne5 Kg8 38. g3 Bxe5 39. Bxe5 Nc5
0-1